000 00338nam a2200133Ia 4500
008 240624s9999 xx 000 0 und d
041 _aeng
082 _a823 TEJ
100 _aTEJPAL TARUN J
245 _aSTORY OF MY ASSASSINS
260 _c2009
_aNew Delhi
_bHarperCollins Publishers
300 _a522 : p. : cm. ; 22
365 _cRS
_b20
999 _c12683
_d12683